Countries by Shape: Tile Select Quiz #3 - Statistics

General Stats
  • This quiz has been taken 21 times
  • The average score is 32 of 45
Answer Stats
Question Tile Select % Correct
countries starting with A. No
100%
countries starting with A. No
100%
countries starting with A. Yes
94%
countries starting with A. No
94%
countries starting with A. Yes
88%
countries starting with A. No
88%
countries with over 2 borders. No
88%
countries in Africa. No
88%
countries in Africa. Yes
88%
countries in Africa. No
88%
countries in Africa. Yes
88%
countries in Africa. No
88%
countries whose capital city contains a U. No
88%
countries starting with A. Yes
81%
countries with over 2 borders. No
81%
countries with over 2 borders. No
81%
countries in Africa. Yes
81%
countries in Africa. No
81%
countries whose flag contains exactly 3 colors. No
81%
countries whose capital city contains a U. No
81%
countries starting with A. Yes
75%
countries with over 2 borders. No
75%
countries in Africa. Yes
75%
countries whose flag contains exactly 3 colors. No
75%
countries whose flag contains exactly 3 colors. No
75%
countries with over 2 borders. Yes
69%
countries with over 2 borders. Yes
69%
countries with over 2 borders. No
63%
countries in Africa. Yes
63%
countries whose capital city contains a U. No
63%
countries whose capital city contains a U. Yes
63%
countries whose capital city contains a U. Yes
63%
countries starting with A. Yes
56%
countries with over 2 borders. Yes
56%
countries with over 2 borders. Yes
56%
countries whose flag contains exactly 3 colors. No
56%
countries whose flag contains exactly 3 colors. Yes
56%
countries whose capital city contains a U. No
56%
countries whose flag contains exactly 3 colors. No
50%
countries whose flag contains exactly 3 colors. No
50%
countries whose capital city contains a U. Yes
50%
countries whose flag contains exactly 3 colors. Yes
44%
countries whose flag contains exactly 3 colors. Yes
44%
countries whose capital city contains a U. Yes
31%
countries whose capital city contains a U. Yes
13%
No matching quizzes found
Score Distribution
Percent of People with Each Score
Percentile by Number Answered
Your Score History
You have not taken this quiz